Squadre neopromosse in A subito retrocesse in B - Statistics

Statistiche generali
  • Questo quiz è stato fatto 30 volte
  • Il punteggio medio è 38 su 43
Statistiche sulle risposte
Numero retrocessioni da neopromossa Regione Squadra % Corretto
3 Puglia Bari
100%
8 Lombardia Brescia
100%
2 Lazio Frosinone
100%
4 Veneto Hellas Verona
100%
5 Puglia Lecce
100%
3 Sicilia Palermo
100%
3 Sicilia Catania
97%
2 Campania Napoli
97%
1 Umbria Perugia
97%
2 Campania Salernitana
97%
1 Friuli-Venezia Giulia Udinese
97%
4 Veneto Venezia
97%
2 Marche Ancona
93%
2 Lombardia Atalanta
93%
2 Calabria Catanzaro
93%
2 Lombardia Como
93%
1 Calabria Crotone
93%
1 Liguria Genoa
93%
2 Toscana Livorno
93%
3 Toscana Pisa
93%
2 Umbria Ternana
93%
2 Campania Benevento
90%
1 Emilia-Romagna Modena
90%
5 Abruzzo Pescara
90%
1 Piemonte Torino
90%
1 Veneto Treviso
90%
1 Friuli-Venezia Giulia Triestina
90%
1 Lombardia Mantova
86%
1 Lombardia Varese
86%
1 Marche Ascoli
83%
1 Emilia-Romagna Cesena
83%
4 Lombardia Cremonese
83%
2 Puglia Foggia
83%
2 Piemonte Novara
83%
1 Emilia-Romagna Piacenza
83%
1 Emilia-Romagna Carpi
79%
1 Toscana Empoli
79%
1 Lombardia Milan
79%
1 Veneto Vicenza
79%
1 Emilia-Romagna Reggiana
76%
1 Lombardia Lecco
69%
1 Toscana Pistoiese
66%
3 Lombardia Legnano
41%
Nessun quiz corrispondente trovato
Distribuzione punteggi
Percentuale di utenti per punteggio
Percentile per numero di risposta
I tuoi punteggi nel tempo
Non hai fatto questo quiz